<?xml version="1.0" encoding="UTF-8"?>
<record
    xmlns:xsi="http://www.w3.org/2001/XMLSchema-instance"
    xsi:schemaLocation="http://www.loc.gov/MARC21/slim http://www.loc.gov/standards/marcxml/schema/MARC21slim.xsd"
    xmlns="http://www.loc.gov/MARC21/slim">

  <leader>01578nam a22002777a 4500</leader>
  <controlfield tag="003">DO-SdBNP</controlfield>
  <controlfield tag="005">20250425112706.0</controlfield>
  <controlfield tag="007">ta</controlfield>
  <controlfield tag="008">110301s2021    dr ah         000 0 spa d</controlfield>
  <datafield tag="040" ind1=" " ind2=" ">
    <subfield code="a">DO-SdBNP</subfield>
    <subfield code="b">spa</subfield>
    <subfield code="c">BNPHU</subfield>
  </datafield>
  <datafield tag="082" ind1=" " ind2="4">
    <subfield code="b">F615h</subfield>
    <subfield code="2">22</subfield>
  </datafield>
  <datafield tag="100" ind1=" " ind2=" ">
    <subfield code="a">Flete, Dagoberto Antonio,</subfield>
    <subfield code="9">80105</subfield>
    <subfield code="d">1952-</subfield>
  </datafield>
  <datafield tag="245" ind1="1" ind2="0">
    <subfield code="a">Historia de la banca dominicana /</subfield>
    <subfield code="c">Dagoberto Ant. Flete ; pr&#xF3;logo, Yamen Mar&#xED;a Flete Hern&#xE1;ndez</subfield>
  </datafield>
  <datafield tag="260" ind1=" " ind2=" ">
    <subfield code="a">Santo Domingo :</subfield>
    <subfield code="b">Willy Copy,</subfield>
    <subfield code="c">2021</subfield>
  </datafield>
  <datafield tag="300" ind1=" " ind2=" ">
    <subfield code="a">187 p. :</subfield>
    <subfield code="b">il., gacs;</subfield>
    <subfield code="c">20 cm.</subfield>
  </datafield>
  <datafield tag="500" ind1=" " ind2=" ">
    <subfield code="a">Incluye datos biogr&#xE1;ficos del autor en la contracubierta.  </subfield>
  </datafield>
  <datafield tag="504" ind1=" " ind2=" ">
    <subfield code="a">Bibliograf&#xED;a: p. 186</subfield>
  </datafield>
  <datafield tag="505" ind1=" " ind2=" ">
    <subfield code="a">Pr&#xF3;logo.</subfield>
    <subfield code="t">1. Historia de la Banca Dominicana.--</subfield>
    <subfield code="t">2. Origen del dinero.--</subfield>
    <subfield code="t">3. Origen de los banco.--</subfield>
    <subfield code="t">4. Historia del papel moneda.--</subfield>
    <subfield code="t">5. Junta Monetaria.--</subfield>
    <subfield code="t">6. En Rep&#xFA;blica Dominicana.--</subfield>
    <subfield code="t">7. Sistema Bancario especializado.--</subfield>
    <subfield code="t">8. Banca M&#xFA;ltiple.--</subfield>
    <subfield code="t">9. Apertura de la Banca Nacional.--</subfield>
    <subfield code="t">10. Fusiones de instituciones bancarias.-</subfield>
    <subfield code="t">11. Bancos Inventariados, Liquidados o Quebrados.--</subfield>
    <subfield code="t">12. Bancos de la Rep&#xFA;blica Dominicana.--</subfield>
    <subfield code="t">13. Anecdotario Bancario.--</subfield>
    <subfield code="t">14. An&#xE1;lisis del Sistema Bancario.--</subfield>
    <subfield code="t">15. Ranking de Instituciones Bancarias.--</subfield>
    <subfield code="t">16. Opini&#xF3;n del autor.--</subfield>
    <subfield code="t">17. Dedicatoria.--</subfield>
    <subfield code="t">Bibliograf&#xED;a</subfield>
  </datafield>
  <datafield tag="590" ind1=" " ind2=" ">
    <subfield code="a">Inventariado, 2022/ YL</subfield>
  </datafield>
  <datafield tag="650" ind1=" " ind2="0">
    <subfield code="9">6283</subfield>
    <subfield code="a">Bancos</subfield>
    <subfield code="z">Rep&#xFA;blica Dominicana</subfield>
    <subfield code="x">Historia</subfield>
  </datafield>
  <datafield tag="650" ind1=" " ind2="4">
    <subfield code="9">53209</subfield>
    <subfield code="a">Sistemas monetarios</subfield>
    <subfield code="z">Rep&#xFA;blica Dominicana</subfield>
  </datafield>
  <datafield tag="651" ind1=" " ind2="7">
    <subfield code="9">45997</subfield>
    <subfield code="a">Bancos  </subfield>
    <subfield code="z">Rep&#xFA;blica Dominicana</subfield>
    <subfield code="x">Historia</subfield>
  </datafield>
  <datafield tag="700" ind1="1" ind2="2">
    <subfield code="a">Flete Hern&#xE1;ndez, Yamen Mar&#xED;a </subfield>
    <subfield code="e">prol.</subfield>
    <subfield code="9">81655</subfield>
  </datafield>
  <datafield tag="910" ind1=" " ind2=" ">
    <subfield code="a">YLockward</subfield>
  </datafield>
  <datafield tag="942" ind1=" " ind2=" ">
    <subfield code="2">ddc</subfield>
    <subfield code="c">LBS1</subfield>
  </datafield>
  <datafield tag="952" ind1=" " ind2=" ">
    <subfield code="0">0</subfield>
    <subfield code="1">0</subfield>
    <subfield code="2">ddc</subfield>
    <subfield code="5">3</subfield>
    <subfield code="7">0</subfield>
    <subfield code="8">PD</subfield>
    <subfield code="a">BNPHU</subfield>
    <subfield code="b">BNPHU</subfield>
    <subfield code="c">HD</subfield>
    <subfield code="d">2021-08-10</subfield>
    <subfield code="e">Dep&#xF3;sito Legal / Dagoberto Flete</subfield>
    <subfield code="o">F615h</subfield>
    <subfield code="p">2022-2272</subfield>
    <subfield code="r">2022-05-20</subfield>
    <subfield code="w">2022-05-20</subfield>
    <subfield code="y">LBS1</subfield>
    <subfield code="z">Ejemplar autografiado por el autor. </subfield>
  </datafield>
  <datafield tag="952" ind1=" " ind2=" ">
    <subfield code="0">0</subfield>
    <subfield code="1">0</subfield>
    <subfield code="2">ddc</subfield>
    <subfield code="5">1</subfield>
    <subfield code="7">0</subfield>
    <subfield code="8">PD</subfield>
    <subfield code="a">BNPHU</subfield>
    <subfield code="b">BNPHU</subfield>
    <subfield code="c">HD</subfield>
    <subfield code="d">2021-08-10</subfield>
    <subfield code="e">Dagoberto Flete</subfield>
    <subfield code="o">F615h</subfield>
    <subfield code="p">2022-2273</subfield>
    <subfield code="r">2022-05-20</subfield>
    <subfield code="t">e. 2</subfield>
    <subfield code="w">2022-05-20</subfield>
    <subfield code="y">LBS1</subfield>
  </datafield>
  <datafield tag="952" ind1=" " ind2=" ">
    <subfield code="0">0</subfield>
    <subfield code="1">0</subfield>
    <subfield code="2">ddc</subfield>
    <subfield code="5">6</subfield>
    <subfield code="7">0</subfield>
    <subfield code="8">DS</subfield>
    <subfield code="a">BNPHU</subfield>
    <subfield code="b">BNPHU</subfield>
    <subfield code="c">CT</subfield>
    <subfield code="d">2021-08-10</subfield>
    <subfield code="e">Deposito Legal / Dagoberto Flete</subfield>
    <subfield code="l">0</subfield>
    <subfield code="o">F615h</subfield>
    <subfield code="p">2023-0646</subfield>
    <subfield code="r">2023-02-03</subfield>
    <subfield code="t">e.3</subfield>
    <subfield code="w">2023-02-03</subfield>
    <subfield code="y">LBS1</subfield>
  </datafield>
  <datafield tag="999" ind1=" " ind2=" ">
    <subfield code="c">51780</subfield>
    <subfield code="d">51780</subfield>
  </datafield>
</record>
